000 00505nam a2200169Ia 4500
999 _c20562
_d20562
003 OSt
005 20200630102057.0
008 190216s9999||||xx |||||||||||||| ||und||
020 _a8120410548
040 _coclc
082 _a934.01
_bDAT/I
100 _aDatta, Rama D
_93335
245 4 _aThe Indus Valley Civilization /
_cRama D Datta
260 _bOxford And Ibh Publishing Co. Pvt Ltd,
_c1996.
_aNew Delhi:
300 _a63p
942 _cBK
_2ddc
_h934.01
_iDAT/I
_k934.01
_mDAT/I